00521nam a2200133Ia 4500008004100000020002200041041001200063100003500075245006200110260003200172440003800204650002100242650012400263231221s9999 xx 000 0 und d a978-3-642-37422-7 aEnglish aJoerg Doerr, Andreas L. Opdahl 0aRequirements Engineering: Foundation for Software Quality c2013bSpringer USaNew York aLecture Notes in Computer Science aComputer Science aSoftware Engineering; Management of Computing and Information Systems; Information Systems Applications (incl.Internet)